Places To Study

There are group study rooms, individual study carrels, computer labs, and other spaces to study in the Libraries.

Reserve A Group Room

Online Resources

Access thousands of eBooks, audiobooks, and online journals from the comfort of your home.

Explore Resources

Events and Workshops

Join our upcoming events and workshops to enhance your skills and knowledge.

View Events

မဟာဘာရတနှင့် ဘဂဝါဂီတ / (Record no. 2746)

MARC details
000 -LEADER
fixed length control field 00906nam a22002057a 4500
003 - CONTROL NUMBER IDENTIFIER
control field OSt
005 - DATE AND TIME OF LATEST TRANSACTION
control field 20251217133608.0
008 - FIXED-LENGTH DATA ELEMENTS--GENERAL INFORMATION
fixed length control field 251217b |||||||| |||| 00| 0 eng d
040 ## - CATALOGING SOURCE
Transcribing agency DCL
082 ## - DEWEY DECIMAL CLASSIFICATION NUMBER
Classification number ၂၉၄.၅
245 00 - TITLE STATEMENT
Title မဟာဘာရတနှင့် ဘဂဝါဂီတ /
Statement of responsibility, etc. ဘာသာပြန်သူ ဦး‌သော်ဇင်။
250 ## - EDITION STATEMENT
Edition statement ဒုတိယအကြိမ်။
260 ## - PUBLICATION, DISTRIBUTION, ETC.
Place of publication, distribution, etc. ရန်ကုန် ၊
Name of publisher, distributor, etc. စိတ်ကူးချိုချိုစာပေ၊
Date of publication, distribution, etc. ၂၀၁၇။
300 ## - PHYSICAL DESCRIPTION
Extent ၂၈၇ စာမျက်နှာ ၊
Dimensions ၁၉ စင်တီ။
650 ## - SUBJECT ADDED ENTRY--TOPICAL TERM
Topical term or geographic name entry element ဟိန္ဒူဘာသာရေးကျမ်း
650 ## - SUBJECT ADDED ENTRY--TOPICAL TERM
Topical term or geographic name entry element ဘဂဝါဂီတကျမ်း
650 ## - SUBJECT ADDED ENTRY--TOPICAL TERM
Topical term or geographic name entry element မဟာဘာရတ
700 ## - ADDED ENTRY--PERSONAL NAME
Personal name သော်ဇင်၊ ဦး။
Relator term ဘာသာပြန်သူ
942 ## - ADDED ENTRY ELEMENTS (KOHA)
Source of classification or shelving scheme Dewey Decimal Classification
Koha item type Short Term
Suppress in OPAC No
Holdings
Withdrawn status Lost status Source of classification or shelving scheme Damaged status Not for loan Collection Accession No. Home library Current library Shelving location Date acquired Total checkouts Full call number Barcode Date last seen Price effective from Koha item type
    Dewey Decimal Classification     Myanmar Collection ၁၂၉၉ Dhammadhara Dhammadhara Myanmar Shelves 17/12/2025   ၂၉၄.၅ မ ၁၂၉၉ MB00001299 17/12/2025 17/12/2025 Short Term